000 00699cam a2200253 4500500
005 20260405002610.0
041 _afre
042 _adc
100 1 0 _aEnjalbert, Cédric
_eauthor
245 0 0 _aLa fortune de la Réforme
260 _c2017.
500 _a30
690 _aCatholicisme
690 _aFortune
690 _aImmobilier
690 _aImpôt
690 _aMacron
690 _aPatrimoine
690 _aProtestantisme
690 _aRégis Debray
690 _aRichesse
786 0 _nPhilosophie magazine | 115 | 12-1 | 2017-12-01 | p. 8-8 | 1951-1787
856 4 1 _uhttps://shs.cairn.info/magazine-philosophie-magazine-2017-12-1-page-8?lang=fr&redirect-ssocas=7080
999 _c2059174
_d2059174